U.S. States with the most Buddhists - Statistics

General Stats
  • This quiz has been taken 17 times
  • The average score is 4 of 5
Answer Stats
Answer % % Correct
California 2%
100%
Washington 3%
81%
Hawaii 5%
75%
Florida 2%
69%
Arizona 2%
38%
No matching quizzes found
Score Distribution
Percent of People with Each Score
Percentile by Number Answered
Your Score History
You have not taken this quiz